000 00705nam a22002537a 4500
999 _c5848
_d5848
003 AR-CdUCM
008 190313b ||||| |||| 00| 0 spa d
040 _aMUNICIPALIDAD PROVINCIAL DEL CUSCO
_cBIBLIOTECA MUNICIPAL DEL CUSCO
041 _hrus
082 _a891.74 /
_bP23
100 _aPanteléiev, L
_917294
245 _aEl Sobre /
260 _aMoscu :
_bProgreso,
_c1979.
300 _a83 paginas ;
_bIlustraciones, dibujos, Graficos,
_c21cm.
500 _aNovela
650 _aNovela Rusa
_99380
650 _aSiglo XX
_98
650 _aLiteratura
_983
650 _aDrama
_9560
700 _aLopez Ganivet, J.
_917295
700 _aIvanov, Y
_917296
942 _2ddc
_cLIBROS
945 _apjha